Statistics for Southampton FC Squad 2020-2021

Click here to take the quiz!

General Stats

  • This quiz has been taken 28 times
    (17 since last reset)
  • The average score is 19 of 28

Answer Stats

#PositionNationPlayer% Correct
9FWEnglandDanny Ings
100%
4DFDenmarkJannik Vestergaard
100%
1GKEnglandAlex McCarthy
91%
10FWEnglandChe Adams
91%
35DFPolandJan Bednarek
91%
8MFEnglandJames Ward-Prowse
82%
14FWIrelandMichael Obafemi
82%
12FWMaliMoussa Djenepo
82%
11FWEnglandNathan Redmond
82%
6MFSpainOriol Romeu
82%
-CoachAustriaRalph Hasenhüttl
82%
3DFEnglandRyan Bertrand
82%
19FWJapanTakumi Minamino
82%
2DFEnglandKyle Walker-Peters
73%
17MFScotlandStuart Armstrong
73%
32FWEnglandTheo Walcott
73%
44GKEnglandFraser Forster
64%
27MFFranceIbrahima Diallo
64%
5DFEnglandJack Stephens
64%
7FWIrelandShane Long
64%
22DFGhanaMohammed Salisu
55%
23FWEnglandNathan Tella
45%
45DFEnglandSam McQueen
45%
41GKEnglandHarry Lewis
36%
18DFFranceYan Valery
36%
20MFIrelandWill Smallbone
27%
40FWEnglandDaniel N'Lundulu
18%
29DFEnglandJake Vokins
18%

Score Distribution

Percentile by Number Answered

Percent of People with Each Score

Your Score History

You have not taken this quiz since the last reset